Christian - Islamic preambles of faith: An exercise in philosophy of religion or Kalâm for our day modeled after
Guardat en:
| Autor principal: | |
|---|---|
| Format: | Llibre |
| Idioma: | Undetermined |
| Publicat: |
Washington, Estados Unidos
The Council for Research in Values and Philosophy
1999
|
| Matèries: | |
| Etiquetes: |
Afegir etiqueta
Sense etiquetes, Sigues el primer a etiquetar aquest registre!
|
MARC
| LEADER | 00000nam a2200000Ia 4500 | ||
|---|---|---|---|
| 008 | 170316s9999 xx 000 0 und d | ||
| 090 | |a 100 K-5.1c | ||
| 100 | |a Kenny, Joseph | ||
| 245 | |a Christian - Islamic preambles of faith: An exercise in philosophy of religion or Kalâm for our day modeled after | ||
| 260 | |a Washington, Estados Unidos | ||
| 260 | |b The Council for Research in Values and Philosophy | ||
| 260 | |c 1999 | ||
| 300 | |a 198 páginas | ||
| 650 | |a FILOSOFÍA | ||
| 650 | |a FILOSOFÍA ISLAMICA | ||
| 650 | |a FILOSOFÍA CRISTIANA | ||
| 650 | |a ISLAM | ||
| 650 | |a CRISTIANISMO | ||
| 999 | |c 16697 |d 16697 | ||
| 040 | |a cru BVZT | ||
| 942 | |c 15 D |h 100 K-5.1c |2 z | ||
